000 00528nam a2200205Ia 4500
005 20240823030021.0
008 240823s9999||||xx |||||||||||||| ||und||
020 _a978-0-07-068186-6
041 _aENGLISH
082 _A625 Q0
100 _aShanmugam G
245 0 _aBasic Civil and Mechanical Engineering
250 _a1st
260 _c2010
_bThe McGraw- Hill Comp
500 _aTRANSFERED
650 _aBasic Civil and Mechanical Engineering
_bCivil
700 _a Palanichamy M S
942 _cBK
999 _c187694
_d187694